Waiting for Godot / (Record no. 928)
[ view plain ]
| 000 -LEADER | |
|---|---|
| fixed length control field | 00647nam a2200229 a 4500 |
| 003 - CONTROL NUMBER IDENTIFIER | |
| control field | (BD-SpBAUS) |
| 005 - DATE AND TIME OF LATEST TRANSACTION | |
| control field | 20250727092625.0 |
| 008 - FIXED-LENGTH DATA ELEMENTS--GENERAL INFORMATION | |
| fixed length control field | 250727s2007 ii ||||| |||| 00| 0 eng d |
| 020 ## - INTERNATIONAL STANDARD BOOK NUMBER | |
| International Standard Book Number | 864249524X |
| 040 ## - CATALOGING SOURCE | |
| Original cataloging agency | BD-SpBAUS |
| Transcribing agency | BD-SpBAUS |
| 041 ## - LANGUAGE CODE | |
| Language code of text/sound track or separate title | eng |
| 082 ## - DEWEY DECIMAL CLASSIFICATION NUMBER | |
| Classification number | 822.91 |
| Author mark and year | BEW 2007 |
| 100 ## - MAIN ENTRY--PERSONAL NAME | |
| Personal name | Beckett, Samuel |
| 9 (RLIN) | 2257 |
| 245 ## - TITLE STATEMENT | |
| Title | Waiting for Godot / |
| Statement of responsibility, etc. | Samuel Beckett. |
| 250 ## - EDITION STATEMENT | |
| Edition statement | 1st ed. |
| 260 ## - PUBLICATION, DISTRIBUTION, ETC. | |
| Place of publication, distribution, etc. | New Delhi : |
| Name of publisher, distributor, etc. | Book World, |
| Date of publication, distribution, etc. | 2077 |
| 300 ## - PHYSICAL DESCRIPTION | |
| Extent | 178 p. ; |
| Dimensions | 21 cm. |
| 504 ## - BIBLIOGRAPHY, ETC. NOTE | |
| Bibliography, etc. note | Includes Bibliography |
| 650 ## - SUBJECT ADDED ENTRY--TOPICAL TERM | |
| Topical term or geographic name entry element | English literature |
| 9 (RLIN) | 2258 |
| 856 ## - ELECTRONIC LOCATION AND ACCESS | |
| Uniform Resource Identifier | <a href="https://search.worldcat.org/title/1104867452">https://search.worldcat.org/title/1104867452</a> |
| Electronic name | WorldCat |
| 942 ## - ADDED ENTRY ELEMENTS (KOHA) | |
| Source of classification or shelving scheme | Dewey Decimal Classification |
| Koha item type | Books |
| Suppress in OPAC | No |
| Withdrawn status | Lost status | Source of classification or shelving scheme | Damaged status | Not for loan | Home library | Current library | Date acquired | Source of acquisition | Cost, normal purchase price | Total Checkouts | Full call number | Barcode | Date last seen | Copy number | Price effective from | Koha item type | Shelving location | Date last checked out | Date due |
|---|---|---|---|---|---|---|---|---|---|---|---|---|---|---|---|---|---|---|---|
| Dewey Decimal Classification | Not For Loan | BAUST Central Library | BAUST Central Library | 11/14/2024 | Friends Book | 66.00 | 822.91 BEW 2007 | 14122 | 07/27/2025 | C-1 | 07/27/2025 | Books | |||||||
| Dewey Decimal Classification | BAUST Central Library | BAUST Central Library | 11/14/2024 | Friends Book | 66.00 | 1 | 822.91 BEW 2007 | 14123 | 02/23/2026 | C-2 | 07/27/2025 | Books | General Stacks | 02/03/2026 | |||||
| Dewey Decimal Classification | BAUST Central Library | BAUST Central Library | 11/14/2024 | Friends Book | 66.00 | 1 | 822.91 BEW 2007 | 14124 | 02/23/2026 | C-3 | 07/27/2025 | Books | General Stacks | 02/02/2026 | |||||
| Dewey Decimal Classification | BAUST Central Library | BAUST Central Library | 11/14/2024 | Friends Book | 66.00 | 1 | 822.91 BEW 2007 | 14125 | 02/05/2026 | C-4 | 07/27/2025 | Books | General Stacks | 02/05/2026 | 08/04/2026 | ||||
| Dewey Decimal Classification | BAUST Central Library | BAUST Central Library | 11/14/2024 | Friends Book | 66.00 | 1 | 822.91 BEW 2007 | 14126 | 02/22/2026 | C-5 | 07/27/2025 | Books | General Stacks | 02/03/2026 | |||||
| Dewey Decimal Classification | BAUST Central Library | BAUST Central Library | 11/14/2024 | Friends Book | 66.00 | 2 | 822.91 BEW 2007 | 14127 | 02/23/2026 | C-6 | 07/27/2025 | Books | General Stacks | 02/01/2026 | |||||
| Dewey Decimal Classification | BAUST Central Library | BAUST Central Library | 11/14/2024 | Friends Book | 66.00 | 1 | 822.91 BEW 2007 | 14128 | 02/23/2026 | C-7 | 07/27/2025 | Books | General Stacks | 02/08/2026 | |||||
| Dewey Decimal Classification | BAUST Central Library | BAUST Central Library | 11/14/2024 | Friends Book | 66.00 | 1 | 822.91 BEW 2007 | 14129 | 02/23/2026 | C-8 | 07/27/2025 | Books | General Stacks | 02/02/2026 | |||||
| Dewey Decimal Classification | BAUST Central Library | BAUST Central Library | 11/14/2024 | Friends Book | 66.00 | 1 | 822.91 BEW 2007 | 14130 | 02/25/2026 | C-9 | 07/27/2025 | Books | General Stacks | 02/03/2026 | |||||
| Dewey Decimal Classification | BAUST Central Library | BAUST Central Library | 11/14/2024 | Friends Book | 66.00 | 1 | 822.91 BEW 2007 | 14131 | 02/23/2026 | C-10 | 07/27/2025 | Books | General Stacks | 02/02/2026 | |||||
| Dewey Decimal Classification | BAUST Central Library | BAUST Central Library | 06/29/2025 | FBC Foreign | 68.00 | 1 | 822.91 BEW 2007 | 15136 | 02/25/2026 | C-11 | 09/25/2025 | Books | General Stacks | 02/02/2026 | |||||
| Dewey Decimal Classification | BAUST Central Library | BAUST Central Library | 06/29/2025 | FBC Foreign | 68.00 | 1 | 822.91 BEW 2007 | 15137 | 02/24/2026 | C-12 | 09/25/2025 | Books | General Stacks | 02/01/2026 | |||||
| Dewey Decimal Classification | BAUST Central Library | BAUST Central Library | 06/29/2025 | FBC Foreign | 68.00 | 1 | 822.91 BEW 2007 | 15138 | 03/30/2026 | C-13 | 09/25/2025 | Books | General Stacks | 02/08/2026 | |||||
| Dewey Decimal Classification | BAUST Central Library | BAUST Central Library | 06/29/2025 | FBC Foreign | 68.00 | 1 | 822.91 BEW 2007 | 15139 | 03/01/2026 | C-14 | 09/25/2025 | Books | General Stacks | 02/08/2026 | |||||
| Dewey Decimal Classification | BAUST Central Library | BAUST Central Library | 06/29/2025 | FBC Foreign | 68.00 | 1 | 822.91 BEW 2007 | 15140 | 03/01/2026 | C-15 | 09/25/2025 | Books | General Stacks | 02/01/2026 |
